00286nam a2200121Ia 4500008004100000041000900041082001700050100002200067245002300089260003600112300000800148650000800156230718s9999 xx 000 0 und d aEng. a34706bMUH-C aMuhammad Ihtisham 0aCourt Fees At x753 aPakistanbMayor back bookc2003 a168 aLaw